000 00651nam a2200229Ia 4500
003 OSt
005 20220925222938.0
006 a|||||r|||| 00| 0
007 ta
008 220923b |||||||| |||| 00| 0 eng d
020 _a0 7100 63325 3
037 _cGeneral Book
040 _aRTL
_cRTL
_beng
041 _2eng
_aeng
082 _aY7, K9/TD3
100 _aHARRIS Marvin
_9131441
245 0 _aRise of anthropological theory
_b A History of theories of culture
260 _aLondon
_bRoutedge & Kegan Paul
_c1969
300 _a806p.
_ccm.
942 _hY7, K9/TD3
_cGB
_2CC
999 _c578248
_d578248